Archiving the British Raj: (Record no. 180398)

MARC details
000 -LEADER
fixed length control field 00702nam a22001937a 4500
005 - DATE AND TIME OF LATEST TRANSACTION
control field 20210809121119.0
010 ## - LCCN (DPL NO)
LC control number ENG-129687
020 ## - INTERNATIONAL STANDARD BOOK NUMBER
Terms of availability 895.00
International Standard Book Number 9780199489923
035 ## - SYSTEM CONTROL NUMBER
System control number EN-113219
037 ## - SOURCE OF ACQUISITION
Source of stock number/acquisition DBAD/PUB
082 ## - DEWEY DECIMAL CLASSIFICATION NUMBER
Classification number 027.054
100 ## - MAIN ENTRY--PERSONAL NAME
Personal name Bhattacharya, Sabyasachi
245 ## - TITLE STATEMENT
Title Archiving the British Raj:
Remainder of title History of the Archival Policy of the Government of India With Selected Documents, 1858-1947/
Statement of responsibility, etc Sabyasachi Bhattacharya
250 ## - EDITION STATEMENT
Edition statement 2019
260 ## - PUBLICATION, DISTRIBUTION, ETC. (IMPRINT)
Place of publication, distribution, etc New Delhi
Name of publisher, distributor, etc Oxford University Press
Date of publication, distribution, etc 2019
270 ## - ADDRESS
Address 2/11 Ground floor, Ansari Road, Darya ganj,
City New Delhi
Postal code 110002
300 ## - PHYSICAL DESCRIPTION
Extent 226 p.
Dimensions 22cm(hbk)
Other physical details Bibiliography, Index
942 ## - ADDED ENTRY ELEMENTS (KOHA)
Source of classification or shelving scheme Dewey Decimal Classification
Item type English Books
Classification part 027.054
Call number prefix BHA
Holdings
Withdrawn status Lost status Not for loan Collection code Home library Current library Date acquired Source of acquisition Cost, normal purchase price Full call number Barcode Copy number Cost, replacement price Koha item type
      Non-fiction Shahdara Branch Shahdara Branch 09/08/2021 DBAD/PUB 895.00 027.054 EN-113219 1 895.00 English Books

© Delhi Public Library
Hit Counter
free hit counter